Materials in marine technology (Record no. 65546)

000 -LEADER
fixed length control field 00433nam a22001697a 4500
003 - CONTROL NUMBER IDENTIFIER
control field NUST - PNEC
005 - DATE AND TIME OF LATEST TRANSACTION
control field 20170116180919.0
008 - FIXED-LENGTH DATA ELEMENTS--GENERAL INFORMATION
fixed length control field 150904b xxu||||| |||| 00| 0 eng d
020 ## - INTERNATIONAL STANDARD BOOK NUMBER
International Standard Book Number 3450197893
040 ## - CATALOGING SOURCE
Transcribing agency LIBRARY
082 ## - DEWEY DECIMAL CLASSIFICATION NUMBER
Classification number 620.416 REU
100 ## - MAIN ENTRY--PERSONAL NAME
9 (RLIN) 7620
Personal name Reuben, Robert
245 ## - TITLE STATEMENT
Title Materials in marine technology
Statement of responsibility, etc. Robert Reuben
260 ## - PUBLICATION, DISTRIBUTION, ETC.
Date of publication, distribution, etc. c.1994
650 ## - SUBJECT ADDED ENTRY--TOPICAL TERM
9 (RLIN) 7623
Topical term following geographic name entry element Mechanical Engineering
General subdivision ME
942 ## - ADDED ENTRY ELEMENTS (KOHA)
Source of classification or shelving scheme
Koha item type Book
Holdings
Withdrawn status Lost status Source of classification or shelving scheme Damaged status Not for loan Permanent Location Current Location Shelving location Date acquired Total Checkouts Full call number Barcode Date last seen Price effective from Koha item type
          Pakistan Navy Engineering College (PNEC) Pakistan Navy Engineering College (PNEC)       620.416 REU PNECLIB-022584 09/04/2015   Book
© 2023 Central Library, National University of Sciences and Technology. All Rights Reserved.